Stratigraphy and economic geology of the Great Falls-Lewistown coal field, central Montana, (Record no. 30496)

MARC details
000 -LEADER
fixed length control field 01258cam a2200301 4500
001 - CONTROL NUMBER
control field gs 68000275
003 - CONTROL NUMBER IDENTIFIER
control field DLC
005 - DATE AND TIME OF LATEST TRANSACTION
control field 20260227111423.0
008 - FIXED-LENGTH DATA ELEMENTS--GENERAL INFORMATION
fixed length control field 690605s1967 mtuab b 00010 eng c
010 ## - LIBRARY OF CONGRESS CONTROL NUMBER
LC control number gs 68000275 //r862
040 ## - CATALOGING SOURCE
Original cataloging agency U.S. Geological Survey Library
050 0# - LIBRARY OF CONGRESS CALL NUMBER
Classification number QE133
Item number .S5
082 ## - DEWEY DECIMAL CLASSIFICATION NUMBER
Classification number 553/.24/097866
100 10 - MAIN ENTRY--PERSONAL NAME
Personal name Silverman, A. J.
Fuller form of name (Arnold J.),
Dates associated with a name 1931-
245 10 - TITLE STATEMENT
Title Stratigraphy and economic geology of the Great Falls-Lewistown coal field, central Montana,
Statement of responsibility, etc. by Arnold J. Silverman and William L. Harris.
260 0# - PUBLICATION, DISTRIBUTION, ETC.
Place of publication, distribution, etc. Butte,
Name of publisher, distributor, etc. Montana College of Mineral Science and Technology; [for sale by Montana Bureau of Mines and Geology]
Date of publication, distribution, etc. 1967.
300 ## - PHYSICAL DESCRIPTION
Extent iv, 20 p.
Other physical details illus., maps (1 fold. in pocket)
Dimensions 28 cm.
350 ## - PRICE (NR) (BK AM CF MU VM SE) [OBSOLETE]
Price 0.75
490 1# - SERIES STATEMENT
Series statement Montana. Bureau of Mines and Geology. Bulletin 56
500 ## - GENERAL NOTE
General note Prepared in cooperation with Montana University System Coal Resources Research Council.
504 ## - BIBLIOGRAPHY, ETC. NOTE
Bibliography, etc. note Bibliography: p. 17.
650 #0 - SUBJECT ADDED ENTRY--TOPICAL TERM
Topical term or geographic name entry element Geology
Geographic subdivision Montana.
650 #0 - SUBJECT ADDED ENTRY--TOPICAL TERM
Topical term or geographic name entry element Coal
Geographic subdivision Montana.
650 #0 - SUBJECT ADDED ENTRY--TOPICAL TERM
Topical term or geographic name entry element Geology, Stratigraphic
Chronological subdivision Mesozoic.
700 10 - ADDED ENTRY--PERSONAL NAME
Personal name Harris, William L.,
Relator term joint author.
740 #1 - ADDED ENTRY--UNCONTROLLED RELATED/ANALYTICAL TITLE
Uncontrolled related/analytical title Great Falls-Lewistown coal field, central Montana.
830 #0 - SERIES ADDED ENTRY--UNIFORM TITLE
Uniform title Bulletin (Montana Bureau of Mines and Geology) ;
Volume/sequential designation 56.

No items available.

Powered by Koha